Review on the history of the research reactor; Научная инициатива иностранных студентов и аспирантов; Т. 2

Podrobná bibliografie
Parent link:Научная инициатива иностранных студентов и аспирантов: сборник докладовI Международной научно-практической конференции, Томск, 27-29 апреля 2021 г./ Национальный исследовательский Томский политехнический университет, Школа базовой инженерной подготовки.— , 2021
Т. 2.— 2021.— [С. 394-398]
Hlavní autor: Godwin I. Ini
Korporativní autor: Национальный исследовательский Томский политехнический университет Школа базовой инженерной подготовки Отделение социально-гуманитарных наук
Další autoři: Loyko O. T. Olga Timofeevna (научный руководитель)
Shrnutí:Заглавие с титульного экрана
Jazyk:angličtina
Vydáno: 2021
Edice:Science as a vocation and career
Témata:
On-line přístup:http://earchive.tpu.ru/handle/11683/67883
Médium: Elektronický zdroj Kapitola
KOHA link:https://koha.lib.tpu.ru/cgi-bin/koha/opac-detail.pl?biblionumber=633094

MARC

LEADER 00000naa2a2200000 4500
001 633094
005 20231101133738.0
035 |a (RuTPU)RU\TPU\conf\34827 
035 |a RU\TPU\conf\34824 
090 |a 633094 
100 |a 20210625d2021 k y0rusy50 ba 
101 0 |a eng 
102 |a RU 
105 |a y z 101zy 
135 |a drcn ---uucaa 
181 0 |a i  
182 0 |a b 
200 1 |a Review on the history of the research reactor  |f I. Godwin  |g sci. adv. O. T. Loyko 
203 |a Текст  |c электронный 
225 1 |a Science as a vocation and career 
230 |a 1 компьютерный файл (pdf; 542 Kb) 
300 |a Заглавие с титульного экрана 
320 |a [Библиогр.: с. 397-398 (8 назв.)] 
461 1 |0 (RuTPU)RU\TPU\conf\34751  |t Научная инициатива иностранных студентов и аспирантов  |o сборник докладовI Международной научно-практической конференции, Томск, 27-29 апреля 2021 г.  |o в 2 т.  |f Национальный исследовательский Томский политехнический университет, Школа базовой инженерной подготовки  |d 2021 
463 1 |0 (RuTPU)RU\TPU\conf\34755  |t Т. 2  |v [С. 394-398]  |d 2021 
610 1 |a труды учёных ТПУ 
610 1 |a электронный ресурс 
610 1 |a обзоры 
610 1 |a история 
610 1 |a исследовательские ядерные реакторы 
700 1 |a Godwin  |b I.  |g Ini 
702 1 |a Loyko  |b O. T.  |c specialist in the field of cultural studies and social communication  |c Professor of Tomsk Polytechnic University, Doctor of philosophical sciences  |f 1949-  |g Olga Timofeevna  |2 stltpush  |4 727 
712 0 2 |a Национальный исследовательский Томский политехнический университет  |b Школа базовой инженерной подготовки  |b Отделение социально-гуманитарных наук  |h 8033  |2 stltpush  |3 (RuTPU)RU\TPU\col\23512 
801 2 |a RU  |b 63413507  |c 20210706  |g RCR 
856 4 |u http://earchive.tpu.ru/handle/11683/67883 
942 |c BK